[Event "AUT-chT 2324"]
[Site "Austria"]
[Date "2024.03.22"]
[Round "9.1"]
[White "Donchenko, Alexander"]
[Black "Ragger, Markus"]
[Result "1-0"]
[WhiteElo "2631"]
[BlackElo "2605"]
[PlyCount "79"]
[EventDate "2023.11.22"]
[EventType "team-tourn"]
[EventRounds "11"]
[EventCountry "AUT"]
[SourceTitle "CB13_2024"]
[SourceDate "2024.03.27"]
[SourceVersion "1"]
[SourceVersionDate "2024.03.27"]
[SourceQuality "1"]
[WhiteTeam "Jenbach"]
[BlackTeam "Maria Saal"]
[WhiteTeamCountry "AUT"]
[BlackTeamCountry "AUT"]

1. d4 Nf6 2. c4 g6 3. Nc3 d5 4. Nf3 Bg7 5. cxd5 Nxd5 6. e4 Nxc3 7. bxc3 c5 8. Be3 Bg4 9. Qa4+ Nd7 10. Be2 0-0 11. Rd1 cxd4 12. cxd4 Nf6 13. d5 b5 14. Qb4 a5 15. Qb1 b4 16. 0-0 Nd7 17. h3 Bxf3 18. Bxf3 Nb6 19. Qb3 Rc8 20. Rc1 Bc3 21. Bg4 a4 22. Qd1 Ra8 23. Rxc3 bxc3 24. Qd4 Re8 25. Rc1 Nd7 26. Rxc3 Nf6 27. Bf3 Qa5 28. e5 Nxd5 29. Bxd5 Rad8 30. Rc5 Qe1+ 31. Kh2 e6 32. Bh6 a3 33. Rc1 Rxd5 34. Qa4 Qxe5+ 35. Bf4 Qd4 36. Qxe8+ Kg7 37. Be3 Qe5+ 38. g3 Rd3 39. Bc5 Qd5 40. Bf8+ 1-0

[Event "Bundesliga 2324"]
[Site "Germany"]
[Date "2024.03.16"]
[Round "12.1"]
[White "Ragger, Markus"]
[Black "Santos Latasa, Jaime"]
[Result "1/2-1/2"]
[WhiteElo "2615"]
[BlackElo "2650"]
[PlyCount "30"]
[EventDate "2023.10.21"]
[EventType "team-tourn"]
[EventRounds "15"]
[EventCountry "GER"]
[SourceTitle "CB13_2024"]
[SourceDate "2024.03.27"]
[SourceVersion "1"]
[SourceVersionDate "2024.03.27"]
[SourceQuality "1"]
[WhiteTeam "Solingen"]
[BlackTeam "Bayern Muenchen"]
[WhiteTeamCountry "GER"]
[BlackTeamCountry "GER"]

1. d4 Nf6 2. c4 e6 3. Nf3 d5 4. g3 Bb4+ 5. Bd2 Be7 6. Bg2 0-0 7. 0-0 Nbd7 8. Qc2 c6 9. Bf4 h6 10. Rd1 a5 11. Ne5 Nh5 12. Be3 Nhf6 13. Bf4 Nh5 14. Be3 Nhf6 15. Bf4 Nh5 1/2-1/2

[Event "EU-ch Blitz"]
[Site "Zagreb"]
[Date "2023.12.16"]
[Round "8"]
[White "Cvitan, Ognjen"]
[Black "Ragger, Markus"]
[Result "1/2-1/2"]
[WhiteElo "2422"]
[BlackElo "2601"]
[PlyCount "22"]
[EventDate "2023.12.16"]
[EventType "swiss (blitz)"]
[EventRounds "13"]
[EventCountry "CRO"]
[SourceTitle "CB51_2023"]
[SourceDate "2023.12.20"]
[SourceVersion "1"]
[SourceVersionDate "2023.12.20"]
[SourceQuality "1"]

1. d4 Nf6 2. Nf3 g6 3. c4 Bg7 4. g3 0-0 5. Bg2 c5 6. 0-0 cxd4 7. Nxd4 d5 8. cxd5 Nxd5 9. Nb5 Be6 10. Nd4 Bc8 11. Nb5 Be6 1/2-1/2

[Event "EU-ch Blitz"]
[Site "Zagreb"]
[Date "2023.12.16"]
[Round "6"]
[White "Veiga, Jose Francisco RP"]
[Black "Ragger, Markus"]
[Result "1/2-1/2"]
[WhiteElo "2357"]
[BlackElo "2601"]
[PlyCount "79"]
[EventDate "2023.12.16"]
[EventType "swiss (blitz)"]
[EventRounds "13"]
[EventCountry "CRO"]
[SourceTitle "CB51_2023"]
[SourceDate "2023.12.20"]
[SourceVersion "1"]
[SourceVersionDate "2023.12.20"]
[SourceQuality "1"]

1. e4 e5 2. Nf3 Nc6 3. Bc4 Bc5 4. c3 Nf6 5. d3 d6 6. a4 a5 7. 0-0 0-0 8. Re1 h6 9. Nbd2 Bb6 10. Nf1 Ne7 11. d4 Nc6 12. dxe5 Nxe5 13. Nxe5 dxe5 14. Qxd8 Rxd8 15. h3 Bd7 16. Be3 Bxe3 17. Rxe3 Bc6 18. f3 Nd7 19. Bb3 Nb6 20. Kf2 Rd6 21. Re2 Rad8 22. Ke1 Nd7 23. Rd2 Rxd2 24. Nxd2 Nc5 25. Bc2 b6 26. Nc4 f6 27. Ne3 Kf8 28. Ke2 Ne6 29. g3 g6 30. h4 h5 31. Bb3 Nc5 32. Bc2 Ke7 33. b3 Nb7 34. Rd1 Rxd1 35. Bxd1 Nd6 36. Bc2 Bb7 37. Bd3 c6 38. Nc4 Nxc4 39. Bxc4 Bc8 40. Ke3 1/2-1/2

[Event "EU-ch Rapid"]
[Site "Zagreb"]
[Date "2023.12.15"]
[Round "7"]
[White "Ragger, Markus"]
[Black "Samunenkov, Igor"]
[Result "1-0"]
[WhiteElo "2601"]
[BlackElo "2530"]
[PlyCount "173"]
[EventDate "2023.12.14"]
[EventType "swiss (rapid)"]
[EventRounds "11"]
[EventCountry "CRO"]
[SourceTitle "CB51_2023"]
[SourceDate "2023.12.20"]
[SourceVersion "1"]
[SourceVersionDate "2023.12.20"]
[SourceQuality "1"]

1. e4 e5 2. Nf3 Nf6 3. Nxe5 d6 4. Nf3 Nxe4 5. d4 d5 6. Bd3 Bd6 7. 0-0 0-0 8. c4 c6 9. Re1 Bf5 10. cxd5 cxd5 11. Nc3 Nxc3 12. bxc3 Bxd3 13. Qxd3 Nd7 14. Qf5 Nb6 15. Ng5 g6 16. Qh3 h5 17. g4 Qd7 18. gxh5 Rfe8 19. Bd2 Qxh3 20. Nxh3 gxh5 21. Bf4 Bf8 22. Kg2 f6 23. Reb1 Rac8 24. a4 Re7 25. a5 Nc4 26. a6 b6 27. Rb5 Rd8 28. Kf3 Kf7 29. Ng1 Re6 30. h4 Na3 31. Rb3 Nc2 32. Rd1 Ne1+ 33. Kg3 Be7 34. Rbb1 Rg8+ 35. Kh2 Nc2 36. Bg3 Na3 37. Rb3 Nc4 38. Rb5 Bd6 39. Bxd6 Rxd6 40. Nh3 Rd7 41. Rd3 Re8 42. Rf3 Na3 43. Rb2 Nc4 44. Ra2 Nd6 45. Nf4 Ne4 46. Re2 b5 47. Nd3 Rc7 48. Nb4 Nxc3 49. Rxe8 Kxe8 50. Rxf6 Rc4 51. Nc6 b4 52. Nxa7 b3 53. Rb6 Ra4 54. Rxb3 Rxa6 55. Rxc3 Rxa7 56. Re3+ Kf7 57. Re5 Ra2 58. Kg3 Rd2 59. Rxd5 Kf6 60. f3 Ke6 61. Rd8 Ke7 62. Rd5 Ke6 63. Rxh5 Rxd4 64. Rg5 Kf6 65. Rg4 Rd5 66. Rf4+ Kg6 67. Kg4 Kh6 68. Rf6+ Kg7 69. Ra6 Rd1 70. f4 Rh1 71. Kg5 Rg1+ 72. Kf5 Rh1 73. Rg6+ Kf7 74. Rg4 Ra1 75. Kg5 Ra8 76. f5 Rg8+ 77. Kf4 Rh8 78. Kf3 Kf6 79. Ke4 Kf7 80. Kf4 Rh5 81. Ke5 Ke7 82. Ra4 Kf8 83. Ra8+ Kf7 84. Ra7+ Kf8 85. Ke6 Rxh4 86. Ra8+ Kg7 87. f6+ 1-0

[Event "EU-ch Rapid"]
[Site "Zagreb"]
[Date "2023.12.14"]
[Round "6"]
[White "Burovic, Rijad"]
[Black "Ragger, Markus"]
[Result "1/2-1/2"]
[WhiteElo "2438"]
[BlackElo "2601"]
[PlyCount "125"]
[EventDate "2023.12.14"]
[EventType "swiss (rapid)"]
[EventRounds "11"]
[EventCountry "CRO"]
[SourceTitle "CB51_2023"]
[SourceDate "2023.12.20"]
[SourceVersion "1"]
[SourceVersionDate "2023.12.20"]
[SourceQuality "1"]

1. e4 e5 2. f4 d5 3. exd5 exf4 4. Nf3 Nf6 5. c4 c6 6. d4 cxd5 7. Bxf4 Bb4+ 8. Nc3 0-0 9. Be2 dxc4 10. Bxc4 Nd5 11. Bxd5 Qxd5 12. 0-0 Bxc3 13. bxc3 Nd7 14. a4 b6 15. Qd3 Nc5 16. Qe3 Ne6 17. Rfb1 Bb7 18. Rb5 Qe4 19. Qxe4 Bxe4 20. Bd2 Rac8 21. a5 Nc7 22. Re5 Bxf3 23. gxf3 f6 24. Re7 Rf7 25. Rxf7 Kxf7 26. axb6 axb6 27. Kf2 Nd5 28. Ra3 Ke6 29. Ke2 Kd6 30. Kd3 b5 31. Ra7 Rc7 32. Rxc7 Kxc7 33. c4 bxc4+ 34. Kxc4 Kd6 35. Kd3 g5 36. h3 Ke6 37. Ke4 h5 38. Bc1 h4 39. Bd2 f5+ 40. Kd3 g4 41. fxg4 fxg4 42. Ke2 gxh3 43. Kf3 Kf5 44. Bc1 Ne7 45. Bf4 Nc6 46. Be5 Nb4 47. Bh2 Nd5 48. Be5 Nc3 49. Bh2 Ne4 50. d5 Nd2+ 51. Ke2 Nc4 52. Kf2 Nb6 53. d6 Ke4 54. Ke2 Nd7 55. Kf2 Nf6 56. Ke2 Kf5 57. Kf3 Ke6 58. Kf4 Nh5+ 59. Kg4 Ng3 60. Kxh3 Nf5 61. Kg4 Nxd6 62. Bxd6 Kxd6 63. Kxh4 1/2-1/2

[Event "EU-ch Rapid"]
[Site "Zagreb"]
[Date "2023.12.14"]
[Round "2"]
[White "Milekic, Daniel"]
[Black "Ragger, Markus"]
[Result "0-1"]
[WhiteElo "2204"]
[BlackElo "2601"]
[PlyCount "74"]
[EventDate "2023.12.14"]
[EventType "swiss (rapid)"]
[EventRounds "11"]
[EventCountry "CRO"]
[SourceTitle "CB51_2023"]
[SourceDate "2023.12.20"]
[SourceVersion "1"]
[SourceVersionDate "2023.12.20"]
[SourceQuality "1"]

1. d4 Nf6 2. c4 g6 3. Nc3 d5 4. Nf3 Bg7 5. Qb3 dxc4 6. Qxc4 Be6 7. Qd3 c5 8. e4 cxd4 9. Nxd4 Bd7 10. f3 Nc6 11. Nxc6 Bxc6 12. Qxd8+ Rxd8 13. Be3 a6 14. a4 Nd7 15. Be2 Ne5 16. Kf2 Nd3+ 17. Bxd3 Rxd3 18. Ke2 Rd7 19. Rhd1 Rxd1 20. Kxd1 f5 21. exf5 gxf5 22. Ke2 Kf7 23. Bb6 h5 24. a5 Be5 25. h3 Rg8 26. Kf1 Rc8 27. Kf2 Bd7 28. Rd1 Be6 29. Re1 Bf6 30. Rd1 Rc4 31. Rd2 Be5 32. Ke2 Rb4 33. Kd1 Bb3+ 34. Ke1 Bd6 35. Rd4 Bc4 36. Kd1 Be5 37. Bc5 Bb3+ 0-1

[Event "AUT-chT 2324"]
[Site "Austria"]
[Date "2023.11.26"]
[Round "6.1"]
[White "Ragger, Markus"]
[Black "Martinovic, Sasa"]
[Result "1/2-1/2"]
[WhiteElo "2615"]
[BlackElo "2542"]
[PlyCount "215"]
[EventDate "2023.11.22"]
[EventType "team-tourn"]
[EventRounds "11"]
[EventCountry "AUT"]
[SourceTitle "CB48_2023"]
[SourceDate "2023.11.29"]
[SourceVersion "1"]
[SourceVersionDate "2023.11.29"]
[SourceQuality "1"]
[WhiteTeam "Maria Saal"]
[BlackTeam "St Veit"]
[WhiteTeamCountry "AUT"]
[BlackTeamCountry "AUT"]

1. e4 e6 2. d4 d5 3. Nd2 c5 4. Ngf3 cxd4 5. Nxd4 Nc6 6. Bb5 Bd7 7. Nxc6 Bxc6 8. Bxc6+ bxc6 9. c4 Nf6 10. Qa4 Qc7 11. exd5 exd5 12. 0-0 Be7 13. cxd5 Nxd5 14. Nf3 0-0 15. Bd2 Bf6 16. Rac1 Bxb2 17. Rxc6 Qd7 18. Rd1 Rac8 19. Rc4 Qxa4 20. Rxa4 Rc7 21. Ra5 Nc3 22. Re1 f6 23. h4 Kf7 24. h5 Rd8 25. h6 gxh6 26. Bxh6 Rd5 27. Ra6 Rcd7 28. Be3 R5d6 29. Rxd6 Rxd6 30. Bxa7 Ra6 31. Bc5 Rxa2 32. Re7+ Kg8 33. Nd4 Ba3 34. Bxa3 Rxa3 35. Nf5 Ra5 36. Nh6+ Kh8 37. g4 Nd5 38. Rd7 Nf4 39. Rd8+ Kg7 40. Nf5+ Kf7 41. Rd7+ Kg8 42. Nh6+ Kh8 43. Rf7 Ng6 44. Kg2 Ra3 45. Rxf6 Kg7 46. g5 Nh4+ 47. Kf1 Nf3 48. Nf5+ Kg8 49. Ne7+ Kg7 50. Nf5+ Kg8 51. g6 hxg6 52. Rxg6+ Kf7 53. Rb6 Nd2+ 54. Kg2 Ne4 55. f3 Ra2+ 56. Kh3 Ng5+ 57. Kg4 Nxf3 58. Kxf3 Ra4 59. Ke3 Ra1 60. Ke4 Re1+ 61. Kd5 Rd1+ 62. Nd4 Re1 63. Nf3 Rd1+ 64. Ke5 Ke7 65. Rb7+ Rd7 66. Rb1 Ra7 67. Rb5 Kf7 68. Nh4 Re7+ 69. Kf5 Re1 70. Nf3 Rf1 71. Rb7+ Kf8 72. Ke4 Kg8 73. Ne5 Rf2 74. Ng4 Rf1 75. Ke5 Kf8 76. Ke6 Re1+ 77. Ne5 Kg8 78. Rb2 Rg1 79. Nf3 Rg6+ 80. Kf5 Ra6 81. Ng5 Kf8 82. Re2 Ra1 83. Kf6 Rf1+ 84. Kg6 Rg1 85. Re3 Rg2 86. Re1 Rg4 87. Kf5 Rg2 88. Re3 Rf2+ 89. Ke6 Ra2 90. Kf6 Rf2+ 91. Nf3 Ra2 92. Nd4 Rf2+ 93. Nf5 Ra2 94. Re6 Rf2 95. Rd6 Ke8 96. Rd1 Rf4 97. Ke5 Rf2 98. Nd4 Kf7 99. Ra1 Rb2 100. Ra6 Rb1 101. Rf6+ Kg8 102. Rf2 Kg7 103. Ne6+ Kg6 104. Rg2+ Kf7 105. Rg7+ Ke8 106. Nd4 Re1+ 107. Kf6 Kd8 108. Nc6+ 1/2-1/2

[Event "AUT-chT 2324"]
[Site "Austria"]
[Date "2023.11.24"]
[Round "4.1"]
[White "Ragger, Markus"]
[Black "Michalik, Peter"]
[Result "0-1"]
[WhiteElo "2615"]
[BlackElo "2574"]
[PlyCount "68"]
[EventDate "2023.11.22"]
[EventType "team-tourn"]
[EventRounds "11"]
[EventCountry "AUT"]
[SourceTitle "CB48_2023"]
[SourceDate "2023.11.29"]
[SourceVersion "1"]
[SourceVersionDate "2023.11.29"]
[SourceQuality "1"]
[WhiteTeam "Maria Saal"]
[BlackTeam "Mayrhofen/Zell/Zillertal"]
[WhiteTeamCountry "AUT"]
[BlackTeamCountry "AUT"]

1. d4 d5 2. c4 c6 3. Nf3 Nf6 4. e3 Bf5 5. Nc3 e6 6. Nh4 Bg6 7. Be2 Nbd7 8. 0-0 Bd6 9. g3 0-0 10. Nxg6 hxg6 11. Qb3 Rb8 12. Rd1 Qe7 13. Bd2 b5 14. c5 Bc7 15. a4 b4 16. Nb5 cxb5 17. axb5 Ne4 18. Bxb4 Qf6 19. f4 g5 20. Rxa7 Rfc8 21. Kg2 gxf4 22. exf4 g5 23. Qf3 Qg6 24. Bd3 gxf4 25. c6 Ndf6 26. Rxc7 Rxc7 27. Bd6 Rxb5 28. Bxc7 Rxb2+ 29. Kf1 Ng4 30. Ke1 Nxh2 31. Qxf4 Qh5 32. Rb1 Nf3+ 33. Qxf3 Rxb1+ 34. Ke2 Qh2+ 0-1

[Event "EU-chT 24th"]
[Site "Budva"]
[Date "2023.11.20"]
[Round "9.14"]
[White "Thybo, Jesper Sondergaard"]
[Black "Ragger, Markus"]
[Result "1/2-1/2"]
[WhiteElo "2522"]
[BlackElo "2615"]
[PlyCount "74"]
[EventDate "2023.11.11"]
[EventType "team-swiss"]
[EventRounds "9"]
[EventCountry "MNE"]
[SourceTitle "CB47_2023"]
[SourceDate "2023.11.22"]
[SourceVersion "1"]
[SourceVersionDate "2023.11.22"]
[SourceQuality "1"]
[WhiteTeam "Denmark"]
[BlackTeam "Austria"]
[WhiteTeamCountry "DEN"]
[BlackTeamCountry "AUT"]

1. d4 Nf6 2. c4 g6 3. Nc3 d5 4. Nf3 Bg7 5. Bg5 dxc4 6. e4 h6 7. Bxf6 exf6 8. h3 0-0 9. Bxc4 f5 10. e5 c5 11. dxc5 Qa5 12. Qd6 Nd7 13. 0-0-0 Nxc5 14. Nd4 Ne4 15. Nxe4 fxe4 16. Kb1 Qxe5 17. Qxg6 b5 18. Bb3 Bb7 19. Qf5 Rad8 20. Qxe5 Bxe5 21. Nxb5 Kg7 22. Nc3 Bd4 23. Rhf1 Ba6 24. Nxe4 Bxf1 25. Rxf1 Rfe8 26. f3 f5 27. Ng3 Kf6 28. Bc2 Re5 29. f4 Rb5 30. b3 Rc5 31. Rd1 Rcd5 32. Nh5+ Kf7 33. Ng3 Be3 34. Rf1 Kf6 35. Nh5+ Kf7 36. Ng3 Kf6 37. Nh5+ Kf7 1/2-1/2

[Event "EU-chT 24th"]
[Site "Budva"]
[Date "2023.11.19"]
[Round "8.11"]
[White "Ragger, Markus"]
[Black "Anton Guijarro, David"]
[Result "1/2-1/2"]
[WhiteElo "2615"]
[BlackElo "2668"]
[PlyCount "36"]
[EventDate "2023.11.11"]
[EventType "team-swiss"]
[EventRounds "9"]
[EventCountry "MNE"]
[SourceTitle "CB47_2023"]
[SourceDate "2023.11.22"]
[SourceVersion "1"]
[SourceVersionDate "2023.11.22"]
[SourceQuality "1"]
[WhiteTeam "Austria"]
[BlackTeam "Spain"]
[WhiteTeamCountry "AUT"]
[BlackTeamCountry "ESP"]

1. d4 Nf6 2. c4 e6 3. Nf3 d5 4. g3 Bb4+ 5. Bd2 Be7 6. Bg2 0-0 7. 0-0 Nbd7 8. Qc2 c6 9. Bf4 a5 10. h4 h6 11. Nbd2 Nh5 12. e3 a4 13. Rfd1 Qa5 14. Rac1 Rd8 15. Be5 Nhf6 16. Bf4 Nh5 17. Be5 Nhf6 18. Bf4 Nh5 1/2-1/2

[Event "EU-chT 24th"]
[Site "Budva"]
[Date "2023.11.15"]
[Round "5.2"]
[White "Jobava, Baadur"]
[Black "Ragger, Markus"]
[Result "1/2-1/2"]
[WhiteElo "2568"]
[BlackElo "2615"]
[PlyCount "87"]
[EventDate "2023.11.11"]
[EventType "team-swiss"]
[EventRounds "9"]
[EventCountry "MNE"]
[SourceTitle "CB47_2023"]
[SourceDate "2023.11.22"]
[SourceVersion "1"]
[SourceVersionDate "2023.11.22"]
[SourceQuality "1"]
[WhiteTeam "Georgia"]
[BlackTeam "Austria"]
[WhiteTeamCountry "GEO"]
[BlackTeamCountry "AUT"]

1. Nf3 Nf6 2. g3 g6 3. b3 d5 4. Bb2 c5 5. Bg2 Bg7 6. 0-0 0-0 7. c4 d4 8. e3 Nc6 9. exd4 cxd4 10. Re1 Nd7 11. d3 a5 12. Na3 Nc5 13. Nb5 Bf5 14. Bf1 e5 15. Ba3 b6 16. Bxc5 bxc5 17. a3 Qd7 18. Nd2 Na7 19. Bg2 Rab8 20. Nxa7 Qxa7 21. Ne4 Bd7 22. h4 Qb6 23. h5 Bh6 24. b4 cxb4 25. axb4 axb4 26. c5 Qe6 27. Nd6 b3 28. Rb1 Bg7 29. f4 Qe7 30. h6 Bh8 31. Bd5 Be6 32. Bxb3 Rxb3 33. Rxb3 exf4 34. Qf3 Qg5 35. Rxe6 fxe6 36. Ne4 Qd5 37. Rb2 fxg3 38. Qxg3 Qh5 39. Rb8 Qd1+ 40. Kg2 Qf1+ 41. Kh2 Qe2+ 42. Kg1 Qf1+ 43. Kh2 Qe2+ 44. Kg1 1/2-1/2

[Event "EU-Cup 38th"]
[Site "Durres"]
[Date "2023.10.01"]
[Round "1.5"]
[White "Perkampus, Laurin"]
[Black "Ragger, Markus"]
[Result "0-1"]
[WhiteElo "2134"]
[BlackElo "2615"]
[PlyCount "92"]
[EventDate "2023.10.01"]
[EventType "team-swiss"]
[EventRounds "7"]
[EventCountry "ALB"]
[SourceTitle "EXT 2024"]
[Source "ChessBase"]
[SourceDate "2023.10.10"]
[SourceVersion "1"]
[SourceVersionDate "2023.10.10"]
[SourceQuality "1"]
[WhiteTeam "Zuid Limburg"]
[BlackTeam "Novy Bor"]
[WhiteTeamCountry "NED"]
[BlackTeamCountry "CZE"]

1. d4 Nf6 2. Nf3 g6 3. c4 Bg7 4. Nc3 0-0 5. e4 d6 6. Be2 e5 7. 0-0 Nbd7 8. Qc2 Qe7 9. d5 c5 10. Bg5 h6 11. Bd2 Nb6 12. Kh1 Ne8 13. g3 Bh3 14. Rg1 Nf6 15. Nh4 Kh7 16. Rae1 Bd7 17. Nd1 Nc8 18. Nc3 Rb8 19. a4 a6 20. a5 b5 21. axb6 Nxb6 22. Ra1 Bc8 23. Ra3 Ng4 24. Rf1 h5 25. f3 Nh6 26. Qc1 Ng8 27. Ng2 Bh6 28. Bxh6 Nxh6 29. f4 exf4 30. gxf4 f5 31. Bd3 Ng4 32. Qd2 fxe4 33. Re1 Bf5 34. Nxe4 Nxc4 35. Bxc4 Bxe4 36. Kg1 Rfe8 37. Bd3 c4 38. Bxc4 Qg7 39. b3 Bxg2 40. Rxe8 Rxe8 41. Kxg2 Qe7 42. Qd3 Qe1 43. Ra2 Ne3+ 44. Kh3 Qg1 45. Qe2 Nf5 46. Ra1 Re3+ 0-1

[Event "FIDE World Cup"]
[Site "Baku"]
[Date "2023.08.02"]
[Round "2.1"]
[White "Ragger, Markus"]
[Black "Sindarov, Javokhir"]
[Result "1/2-1/2"]
[WhiteElo "2624"]
[BlackElo "2659"]
[PlyCount "60"]
[EventDate "2023.07.30"]
[EventType "k.o."]
[EventRounds "8"]
[EventCountry "AZE"]
[SourceTitle "EXT 2024"]
[Source "ChessBase"]
[SourceDate "2023.10.10"]
[SourceVersion "1"]
[SourceVersionDate "2023.10.10"]
[SourceQuality "1"]

1. d4 Nf6 2. c4 g6 3. Nc3 d5 4. cxd5 Nxd5 5. e4 Nxc3 6. bxc3 Bg7 7. Nf3 c5 8. Bb5+ Nc6 9. 0-0 0-0 10. Bxc6 bxc6 11. Qc2 cxd4 12. cxd4 Bg4 13. Ne5 Qxd4 14. Bb2 Qb4 15. Rab1 Bxe5 16. Bxe5 Qa5 17. Bc3 Qc5 18. Qb2 a5 19. Rbc1 Qd6 20. f4 f6 21. e5 Qc5+ 22. Bd4 Qb4 23. exf6 Qxb2 24. Bxb2 exf6 25. Rxc6 Rac8 26. Rfc1 Rfe8 27. Rxc8 Rxc8 28. Rxc8+ Bxc8 29. Bxf6 Be6 30. a4 Bd7 1/2-1/2

[Event "FIDE World Cup"]
[Site "Baku"]
[Date "2023.08.01"]
[Round "1.3"]
[White "Ragger, Markus"]
[Black "Wageih, Kareim"]
[Result "1-0"]
[WhiteElo "2624"]
[BlackElo "2369"]
[PlyCount "73"]
[EventDate "2023.07.30"]
[EventType "k.o."]
[EventRounds "8"]
[EventCountry "AZE"]
[SourceTitle "EXT 2024"]
[Source "ChessBase"]
[SourceDate "2023.10.10"]
[SourceVersion "1"]
[SourceVersionDate "2023.10.10"]
[SourceQuality "1"]

1. d4 Nf6 2. c4 e6 3. Nf3 c5 4. d5 b5 5. Bf4 b4 6. e4 d6 7. dxe6 Bxe6 8. e5 dxe5 9. Qxd8+ Kxd8 10. Nxe5 Nfd7 11. Nxd7 Kxd7 12. Nd2 Nc6 13. 0-0-0 Nd4 14. Nb3 Bd6 15. Bxd6 Kxd6 16. Be2 Ke5 17. Nxd4 cxd4 18. Rhe1 Rad8 19. Bg4+ Kf6 20. Bxe6 fxe6 21. Re4 d3 22. Kd2 Rd7 23. Rde1 Rd6 24. c5 Rc6 25. Rc1 Rb8 26. Kxd3 Rb5 27. Rec4 Ke5 28. b3 Kd5 29. Rd4+ Ke5 30. Rd7 Ra5 31. Rc2 Kf6 32. Kd4 h5 33. Rb7 Rc8 34. Rxb4 Rd8+ 35. Ke3 Rd5 36. c6 Kf5 37. c7 1-0

[Event "FIDE World Cup"]
[Site "Baku"]
[Date "2023.07.31"]
[Round "1.2"]
[White "Ragger, Markus"]
[Black "Wageih, Kareim"]
[Result "1/2-1/2"]
[WhiteElo "2624"]
[BlackElo "2369"]
[PlyCount "64"]
[EventDate "2023.07.30"]
[EventType "k.o."]
[EventRounds "8"]
[EventCountry "AZE"]
[SourceTitle "EXT 2024"]
[Source "ChessBase"]
[SourceDate "2023.10.10"]
[SourceVersion "1"]
[SourceVersionDate "2023.10.10"]
[SourceQuality "1"]

1. d4 Nf6 2. c4 c6 3. Nf3 d5 4. e3 Bg4 5. h3 Bh5 6. Nc3 e6 7. g4 Bg6 8. Ne5 Nbd7 9. Nxg6 hxg6 10. g5 Ng8 11. Qb3 Qb6 12. Qc2 Ne7 13. Bd2 Nf5 14. cxd5 exd5 15. 0-0-0 Be7 16. Rg1 Nf8 17. Bd3 Nd6 18. Rg3 Ne6 19. f4 Qc7 20. Rdg1 0-0-0 21. f5 gxf5 22. Bxf5 Nxf5 23. Qxf5 Bd6 24. Rf3 g6 25. Qxf7 Qxf7 26. Rxf7 Rxh3 27. Rf6 Kd7 28. Rxg6 Rdh8 29. Kc2 Be7 30. Ne2 R3h7 31. Nf4 Nf8 32. Rh6 Rxh6 1/2-1/2

[Event "FRA-chT Top 16 Gp Haute"]
[Site "Chartres"]
[Date "2023.06.10"]
[Round "3.1"]
[White "Ragger, Markus"]
[Black "Parligras, Mircea Emilian"]
[Result "1/2-1/2"]
[WhiteElo "2631"]
[BlackElo "2556"]
[PlyCount "69"]
[EventDate "2023.06.08"]
[EventType "team-tourn"]
[EventRounds "4"]
[EventCountry "FRA"]
[SourceTitle "CBM 214 Extra"]
[Source "ChessBase"]
[SourceDate "2023.07.31"]
[SourceVersion "1"]
[SourceVersionDate "2023.07.31"]
[SourceQuality "1"]
[WhiteTeam "Bischwiller"]
[BlackTeam "Grasse Echecs"]
[WhiteTeamCountry "FRA"]
[BlackTeamCountry "FRA"]

1. e4 e5 2. Nf3 Nc6 3. Bc4 Bc5 4. 0-0 Nf6 5. d3 a6 6. c3 d6 7. Re1 Ba7 8. a4 h6 9. Nbd2 g5 10. b4 Nh7 11. Rf1 0-0 12. Nb3 Qf6 13. Be3 Bg4 14. b5 Ne7 15. d4 axb5 16. axb5 Bb6 17. Be2 Rxa1 18. Nxa1 Bc8 19. Nc2 exd4 20. Nfxd4 d5 21. f4 Qg7 22. e5 Ng6 23. fxg5 Nxg5 24. Nf3 Nf4 25. Kh1 Bxe3 26. Nxe3 Ne4 27. Bd3 Bf5 28. Ne1 Nxd3 29. Nxd3 Bh7 30. Qe1 Ng3+ 31. hxg3 Bxd3 32. Rf4 Qxe5 33. Qd2 Qh5+ 34. Kg1 Qe2 35. Qxe2 1/2-1/2

[Event "FRA-chT Top 16 Gp Haute"]
[Site "Chartres"]
[Date "2023.06.08"]
[Round "1.1"]
[White "Maghsoodloo, Parham"]
[Black "Ragger, Markus"]
[Result "1/2-1/2"]
[WhiteElo "2716"]
[BlackElo "2631"]
[PlyCount "114"]
[EventDate "2023.06.08"]
[EventType "team-tourn"]
[EventRounds "4"]
[EventCountry "FRA"]
[SourceTitle "CBM 214 Extra"]
[Source "ChessBase"]
[SourceDate "2023.07.31"]
[SourceVersion "1"]
[SourceVersionDate "2023.07.31"]
[SourceQuality "1"]
[WhiteTeam "Clichy Echecs 92"]
[BlackTeam "Bischwiller"]
[WhiteTeamCountry "FRA"]
[BlackTeamCountry "FRA"]

1. d4 Nf6 2. c4 g6 3. h4 Bg7 4. Nc3 d6 5. e4 Nc6 6. d5 Ne5 7. Be2 h5 8. Nh3 c6 9. Ng5 Bd7 10. 0-0 0-0 11. Bf4 Rc8 12. b3 cxd5 13. exd5 Qa5 14. Bd2 Neg4 15. Nce4 Qd8 16. Nxf6+ exf6 17. Nf3 Re8 18. Rc1 Qb6 19. Bc3 Bh6 20. Rc2 Bf5 21. Rb2 Ne3 22. Qd4 Qxd4 23. Nxd4 Nxf1 24. Nxf5 gxf5 25. Kxf1 Bf4 26. Rc2 Be5 27. Bd2 Kg7 28. Bd3 f4 29. Bf5 Rc7 30. Rc1 Rce7 31. b4 b6 32. Bc2 Bb2 33. Rd1 Rc8 34. Bd3 Be5 35. Rc1 Rec7 36. a4 a5 37. Bf5 Ra8 38. b5 Re8 39. Rc2 Rce7 40. Rc1 Bb2 41. Rd1 Ba3 42. Bxf4 Re2 43. Be3 R8xe3 44. fxe3 Ra2 45. Rd4 Bc5 46. Re4 Rxa4 47. g4 Ra1+ 48. Kg2 hxg4 49. Rxg4+ Kh6 50. Re4 Ra2+ 51. Kf3 Kg7 52. Re7 Kf8 53. Rc7 a4 54. Rc8+ Kg7 55. Rc7 Kf8 56. Rc8+ Kg7 57. Rc7 Kf8 1/2-1/2

[Event "FRA-chT Top 16 GpA"]
[Site "Chartres"]
[Date "2023.06.04"]
[Round "4.3"]
[White "Edouard, Romain"]
[Black "Ragger, Markus"]
[Result "1/2-1/2"]
[WhiteElo "2527"]
[BlackElo "2626"]
[PlyCount "25"]
[EventDate "2023.06.01"]
[EventType "team-tourn"]
[EventRounds "7"]
[EventCountry "FRA"]
[SourceTitle "CBM 214 Extra"]
[Source "ChessBase"]
[SourceDate "2023.07.31"]
[SourceVersion "1"]
[SourceVersionDate "2023.07.31"]
[SourceQuality "1"]
[WhiteTeam "Cappelle la Grande"]
[BlackTeam "Bischwiller"]
[WhiteTeamCountry "FRA"]
[BlackTeamCountry "FRA"]

1. d4 Nf6 2. c4 g6 3. Nc3 d5 4. cxd5 Nxd5 5. e4 Nxc3 6. bxc3 Bg7 7. Nf3 c5 8. Be3 Qa5 9. Nd2 0-0 10. Nb3 Qxc3+ 11. Bd2 Qb2 12. Bc1 Qc3+ 13. Bd2 1/2-1/2

[Event "FRA-chT Top 16 GpA"]
[Site "Chartres"]
[Date "2023.06.03"]
[Round "3.2"]
[White "Ragger, Markus"]
[Black "Savina, Anastasia"]
[Result "1-0"]
[WhiteElo "2626"]
[BlackElo "2342"]
[PlyCount "63"]
[EventDate "2023.06.01"]
[EventType "team-tourn"]
[EventRounds "7"]
[EventCountry "FRA"]
[SourceTitle "CBM 214 Extra"]
[Source "ChessBase"]
[SourceDate "2023.07.31"]
[SourceVersion "1"]
[SourceVersionDate "2023.07.31"]
[SourceQuality "1"]
[WhiteTeam "Bischwiller"]
[BlackTeam "Vandoeuvre"]
[WhiteTeamCountry "FRA"]
[BlackTeamCountry "FRA"]

1. e4 e5 2. Nf3 Nc6 3. Bb5 Nf6 4. d3 Bc5 5. c3 0-0 6. 0-0 d5 7. Nbd2 dxe4 8. dxe4 a5 9. Qc2 Qe7 10. a4 Nd8 11. Be2 Bd7 12. Nc4 Bc6 13. Bd3 Nd7 14. Re1 f6 15. Ne3 Bxe3 16. Bxe3 Nc5 17. Bc4+ Kh8 18. Nh4 g6 19. b4 axb4 20. cxb4 Nce6 21. b5 Be8 22. a5 c6 23. b6 c5 24. Nf3 Bc6 25. Bd5 Nd4 26. Qc4 Bb5 27. Qc3 N8c6 28. Rac1 Nb4 29. Qxc5 Nxd5 30. Bxd4 exd4 31. exd5 Qd7 32. Nxd4 1-0